Sports Quiz

Random Sports or Soccer Quiz
Score 0/32 Timer 07:00
0 Plays Today
Assists Player % Correct
8Eden Hazard
98%
3Bernardo Silva
91.5%
6Raheem Sterling
86.9%
5Leroy Sané
85.4%
6Christian Eriksen
85.4%
4Mohamed Salah
81.9%
4Sergio Aguero
80.1%
5Marcus Rashford
75.2%
3Roberto Firmino
72.8%
3Pierre-Emerick Aubameyang
72.6%
5Callum Wilson
71.6%
7Ryan Fraser
71.4%
3Paul Pogba
71.3%
6Aaron Ramsey
69.1%
5Benjamin Mendy
52.6%
3Marcos Alonso
52.3%
Assists Player % Correct
4Olivier Giroud
52%
3Andrew Robertson
50.4%
4Hector Bellerin
42.6%
4Raul Jimenez
41.2%
3Ross Barkley
37.8%
3Ryan Sessegnon
31.3%
4Abdoulaye Doucoure
28.3%
3Matt Doherty
27.5%
4Jose Holebas
25.1%
4Johann Gudmundsson
22.1%
5Solly March
22.1%
4Anthony Knockaert
21.1%
3Robert Snodgrass
15.9%
4Luciano Vietto
13.9%
3Kelechi Iheanacho
11.2%
3Sean Morrison
5.5%
Come Together.
Have Fun.
All Virtual.
We all need to come together. Play Sporcle's virtual live trivia to have fun, connect with people, and get your trivia on. Join a live hosted trivia game for your favorite pub trivia experience done virtually. If a virtual private party is more your thing, go here for details.

You're not logged in!

Compare scores with friends on all Sporcle quizzes.
OR
Log In

Sporcle TV

Today on Sporcle TV


Watch our educational content, quiz creation guides, and fun videos on Sporcle TV.

Show Comments

Extras

Top Quizzes Today


Score Distribution

Paid Content

Your Account Isn't Verified!

In order to create a playlist on Sporcle, you need to verify the email address you used during registration. Go to your Sporcle Settings to finish the process.

Report this User

Report this user for behavior that violates our Community Guidelines.

Details: